| 000 | 00466ntaaa2200181 4500 | ||
|---|---|---|---|
| 003 | 01 | ||
| 005 | 20251027201906.0 | ||
| 008 | 0714s1973 ag 01 | ||
| 040 |
_aAR-BaBN _bspa _cAR-BaBN _eaacr _dRIC |
||
| 082 | _a231.1000 H66 | ||
| 100 |
_aHodges, H. A. _98105 |
||
| 245 | _aChristianity and the modern world view | ||
| 250 | _a1 ed. | ||
| 260 |
_aLondon : _bS.P.C.K., _c1949 |
||
| 300 | _a56 p. | ||
| 500 | _ainterpretación del cristianismo moderno | ||
| 942 | _cBK | ||
| 999 |
_c13618 _d13618 |
||